000 00419nam a2200145 i 4500
001 141739
003 ES-MaACL
007 t|
008 070927s1937 gw ||||1| ger d
100 1 _aWèahler, Martin.
_9133973
245 1 4 _aDer deutsche volkscharakter /
_cHerausgegeben von Martin Wèahler.
260 _aJena :
_bEugen Diederichs,
_c[1937]
300 _a559 p. ;
_c25 cm.
852 _aES-MaACL
_jB-9579
_bR.19225
999 _c141739
_d141739